00808 a2200205 4500952012800000999001500128020001500143050002200158100003000180245005300210264005400263300003100317500002000348650003000368650004400398650005500442650003100497650004500528942002900573 00102lcc40708NFICaMCLbMCLcGENd2021-05-12l0oHF 5548.2 PAN 1997pB018163r2021-05-12 00:00:00tc. 1w2021-05-12yBK c7711d7711 a0133081648 aHF5548.2 PAN 1997 aPanko, Raymond R.eauthor aBusiness data communications /cRaymond R. Panko aUpper Saddle River, NJ :b Prentice Hall, c1997. axx, 556p. : bill. ; 24 cm aIncludes index. aData transmission systems aLocal area networks (Computer networks) aBusiness - Communication systems - Data processing aBusiness - Data processing aBusiness enterprises - Computer networks 2lcccBKh5548.2iPANkHF